Mario Party Hosts - Statistics

General Stats
  • This quiz has been taken 35 times
    34 since last reset
  • The average score is 6 of 15
Answer Stats
Hint Answer % Correct
Mario Party 1, 2, 4, Super Toad
96%
Mario Party 4 Koopa Troopa
65%
Super Mario Party Toadette
65%
Mario Party 4 Boo
54%
Mario Party 8 M.C. Ballyhoo
46%
Mario Party 4 Goomba
42%
Mario Party 4 Shy Guy
42%
Mario Party 7 Toadsworth
42%
Mario Party 5 Star Spirits
38%
Mario Party 9 Blue Toad and Yellow Toad
27%
Mario Party 4 Koopa Kid
27%
Mario Party 8 Big Top
23%
Mario Party 6 Twila
19%
Mario Party 6 Brighton
15%
Mario Party 3 Tumble
15%
No matching quizzes found
Score Distribution
Percent of People with Each Score
Percentile by Number Answered
Your Score History
You have not taken this quiz since the last reset